| 000 | 00396nam a2200157Ia 4500 | ||
|---|---|---|---|
| 003 | Ost | ||
| 005 | 20260225132554.0 | ||
| 008 | 260225s9999||||xx |||||||||||||| ||und|| | ||
| 040 | _cfsic | ||
| 041 | _afre | ||
| 082 | _a440 | ||
| 100 |
_aCivard-Racinais Ale _eAuteur |
||
| 245 | 0 | _aLa Déontologie des journalistes : | |
| 245 | 0 |
_bprincipes et pratiques / _cCivard-Racinais Ale |
|
| 942 | _cكتاب | ||
| 999 |
_c34347 _d34347 |
||